| 000 | 00686nam a22002057a 4500 | ||
|---|---|---|---|
| 003 | OSt | ||
| 005 | 20251105005416.0 | ||
| 008 | 251105b |||||||| |||| 00| 0 eng d | ||
| 020 | _a978-1-4039-1651-8. | ||
| 040 |
_aDWCL-Admin lib _cOC |
||
| 082 | _aCirc. 616.83 D376 2008 | ||
| 100 | _aTrevor, Adams | ||
| 245 |
_aDementia care nursing:promoting well-being in people with dementia and their families / _cAdams Trevor |
||
| 260 |
_aN.Y. : _bPalgrave MacMilllar, _cc2008. |
||
| 300 |
_axix, 291 p. ; _c22 cm. |
||
| 504 | _aIncludes bibliographical references and index. | ||
| 650 | _a1. Dementia Treatment. | ||
| 650 | _a2. Dementia-Patients-Care. | ||
| 942 |
_2ddc _cBK-CIRC _kCirc. _n0 |
||
| 999 |
_c5448 _d5448 |
||